MDQL
is popping MORE tags! Check the
thread
!
Quizzes
Events
Quiz Creation
Community
Videos
Private Events
Remove Ads
Sign In
Join for FREE
Feedback
Dark Mode
Quiz Categories
Sports
Geography
Music
Movies
Television
Just For Fun
Miscellaneous
History
Literature
Language
Science
Gaming
Entertainment
Religion
Holiday
For Kids
Quiz Lab
Recent
Popular Today
Quiz Kudos Today
Editor Picks
Curator Picks
Quizzes by...
Day
Popularity
Type
Ratings
Length
Year
Community
Subscriptions
Recent Discussions
Orange Saloon
Badges
Playlists
Quests
Create
Leaderboards
Showdown
Live 5
Trivia Bingo
Activity
Puzzle Library
Sporcle Events
Private Events
Virtual Trivia
Globe League
Become a Host
Pub Owners
SporcleCon
Opinionation
Our Games
Videos
Blog
Mobile Apps
Partnerships
Remove Ads and Go Orange
Feedback
Literature
Harry Potter
A Song of Ice and Fire
The Hunger Games
Literary Character
Shakespeare
Book
Author
Novel
Poem
Young Adult
Children's Books
Play
Lord of the Rings
Literature
Harry Potter
A Song of Ice and Fire
The Hunger Games
Literary Character
Shakespeare
Book
Author
Novel
Poem
Young Adult
Children's Books
Play
Lord of the Rings
Random Quiz
Search Sporcle
×
Quiz Lab
Quiz Lab
Literature
bear
Type in answers that appear in a list
Type in answers that appear in a list
Classic
Best Score? Go Orange.
We're going on a bear hunt Stats
Can you name the all the words in We're going on a bear hunt by Michael Rosen ?
By
kyrgyzstan
14m
88 Questions
228 Plays
228 Plays
228 Plays
Comments
Comments
Give Quiz Kudos
Give Quiz Kudos
-
- Ratings
hide this ad
Replay
Link that replays current quiz
Next Quiz
Link to next quiz in quiz playlist
You Got
0%
They Got
Avg Score
35%
Avg Friend Score
Upgrade to see
Score Distribution
Jump to the score distribution portion of the page
Score
0/88
Timer
14:00
0
Plays Today
% Correct
we
95.1%
bear
93.8%
a
91.2%
the
91.2%
hunt
90.7%
go
90.3%
on
87.6%
we're
87.2%
going
87.2%
over
63.7%
no
62.4%
to
62.4%
under
61.5%
big
61.1%
through
59.3%
one
58.8%
it
58.4%
scared
57.1%
not
56.6%
catch
56.2%
can't
52.7%
what
46.9%
grass
46.9%
oh
46.5%
day
42%
river
41.6%
cave
41.6%
mud
40.3%
beautiful
39.8%
dark
34.1%
% Correct
wet
30.5%
long
30.1%
door
30.1%
forest
29.6%
up
29.2%
swishy
28.3%
squelch
28.3%
splash
27.4%
back
27.4%
wavy
26.5%
uh
26.5%
bed
26.5%
swashy
26.1%
nose
25.2%
splosh
25.2%
eyes
24.8%
trip
24.3%
got
23.9%
stairs
23.5%
deep
23%
thick
23%
stumble
23%
again
23%
tip
22.6%
covers
22.6%
cold
21.7%
it's
21.7%
toe
21.2%
two
21.2%
quick
21.2%
% Correct
snowstorm
20.8%
shut
20.4%
squerch
19%
wooo
19%
shiny
18.6%
oozy
18.1%
hooo
18.1%
furry
18.1%
ears
18.1%
that
17.7%
gloomy
16.8%
swirling
16.4%
we've
15.5%
forgot
15.5%
I'm
15%
whirling
14.6%
what's
14.6%
goggly
14.6%
into
14.2%
get
13.3%
front
12.8%
narrow
12.4%
downstairs
12.4%
bedroom
12.4%
open
11.9%
our
11.5%
upstairs
10.6%
tiptoe
7.5%
Quiz Playlist
Details
Report
Send in Message
Add To Playlist
Classic:
Type in answers that appear in a list
Quiz Source
Last Updated: Feb 16, 2017
Quiz Scoreboard
CHALLENGE
Sign Up to Join the Scoreboard
Show All
Scores
Hide
Comments
May contain spoilers
Recently Published
Image Sorting: Flags VI
by Barbecue
Geography
2m
Find the 'City' Movie
by crazypaving
Movies
60s
Colored Red Africa Blitz
by spor1
Geography
45s
More to Explore
Quiz From the Vault
Featured Blog Post
14 Easter Pick-up Lines to Find Eggs With
hide this ad
You Might Also Like...
Tags
bear
hunt
michael
Today's Top Quizzes in Literature
Browse Literature
hide this ad
Today's Top Quizzes in bear
Browse bear
Top Contributed Quizzes in Literature
1
Sneaky Slytherin Logic Puzzle
2
Harry Potter logic puzzle: The Hogwarts Soap Opera
3
Get The Picture: Black or White Literature
4
Harry Potter Slytherin Logic Puzzle
5
'Middle' Earth
6
ASOIAF Siblings Logic Puzzle
7
Logic Puzzle: Avoid Dumbledore's Army
8
A Song of Ice and Fire Logic Puzzle
9
Harry Potter Logic Puzzle 1
10
Quick Pick: Easter in Book Titles
Explore More
Trending Topics
Disney
Anime
Kpop
Crossword
Marvel
NBA
Harry Potter
NFL
Country
Pokémon
WWE
Puzzle
The Office
Soccer
Song
hide this ad
More By:
kyrgyzstan
Quiz
Plays
Rating
Category
Featured
Created
9-Letter Countries
34,983
4.17
Geography
Jun 19, 2010
Q Verbs
2,103
4.55
Language
Apr 7, 2010
Bands/Singers in latin
1,384
4.11
Language
Jun 6, 2010
Math-tastic
345
3.27
Science
May 2, 2010
Un-scramble the word
343
2.91
Just For Fun
Apr 10, 2010
Go to Creator's Profile
Score Distribution
Quiz Creator Spotlight
kyrgyzstan
Follow
Send a Message
Quizzes Created
-
Created Quiz Play Count
-
More By This Creator
Popular Quizzes Today
1
Colored Red Africa Blitz
2
Find the US States - No Outlines Minefield
3
Find the 'City' Movie
4
5x2 Blitz: Bands
5
The Countries of the World
6
Find the US States
7
Find the Countries of Europe - No Outlines Minefield
8
US States
More Literature Quizzes
Language by 'Lord of the Rings' Cover
Published
Trending Quizzes
Colored Red Europe Blitz I
Colored Red Europe Blitz II
Colored Red Africa Blitz II
Colored Red Europe Blitz III
Colored Red Africa Blitz III
Recently Updated
How Do You Spell That?
pecheneg
Godzilla Movies
pecheneg
Grab Bag: 4-10 Letters
pecheneg
2024 March Madness Bracket
pecheneg
Famous TV Couples
Peacemaker
Champions League XIs: Real Madrid
pecheneg
Largest US Cities 1790-2010
pecheneg
Rides in Walt Disney World
pecheneg
Most Oscar Losses (Acting)
pecheneg
Beyoncé Albums
pecheneg
Trending Topics
Anime
Crossword
Kpop
Disney
NBA
Marvel
Harry Potter
Song
NFL
Pokémon
The Office
Puzzle
Country
WWE
Soccer
Your Account Isn't Verified!
In order to create a playlist on Sporcle, you need to verify the email address you used during registration. Go to your
Sporcle Settings
to finish the process.
Report this User
Report this user for behavior that violates our
Community Guidelines
.
Details:
Send Report
Go to the Sporcle.com Mobile Site →
Comments